000 01308cam a2200313M 4500
001 medienmagiermc00ruth
003 CaSfIA
005 20210118184829.0
007 cr||||
008 890309s1988 gw 000 0 ger d
040 _aNLGGC
_efobidrtb
_bdut
_cNLGGC
_dCaSfIA
020 _a3870673354
020 _a9783870673352
035 _a(OCoLC)64779262
080 _a12
080 _a10
100 1 _aRuthe, Reinhold,
_d1927-
245 1 0 _aMedien, Magier, Mächte :
_h[electronic resource]
_bAberglaube und Okkultismus im Zeitalter des Wassermanns /
_cReinhold Ruthe.
260 _aMoers :
_bBrendow,
_c1988.
300 _a173 p. ;
_c21 cm.
490 0 _aReihe Apostroph
440 0 _aReihe Apostroph
029 0 _aNLGGC
_b051861631
856 4 1 _uhttp://www.archive.org/details/medienmagiermc00ruth
_zFree eBook from the Internet Archive
856 4 2 _uhttp://www.openlibrary.org/books/OL24213766M
_zAdditional information and access via Open Library
942 _cEB
506 _fНеобхідна авторизація на https://archive.org/ (створення облікового запису безкоштовно)
506 _fНеобхідна авторизація на https://openlibrary.org/ (створення облікового запису безкоштовно)
999 _c524357
_d524357